000 00321nam a2200133Ia 4500
008 240624s9999 xx 000 0 und d
041 _aeng
082 _a647.94 IYE
100 _aIYENGAR ANAND
245 _aHOTEL FINANCE
260 _c2008
_aNew Delhi
_bOxford
300 _axii, : 311 : p. : cm. ; 26
365 _cRS
_b31
999 _c24838
_d24838